Statistics for Countries Where Annual Tourists Outnumber Residents

Click here to take the quiz!

General Stats

  • This quiz has been taken 841 times
    (606 since last reset)
  • The average score is 28 of 43

Answer Stats

Annual TouristsResidentsRatioCountry% Correct
6,000,0008017490Vatican City
92%
355,00038,6829.18Monaco
88%
78,00033,7852.31San Marino
85%
2,831,00077,00636.76Andorra
84%
69,00037,9101.82Liechtenstein
83%
1,439,000385,6373.73The Bahamas
79%
1,046,000604,2451.73Luxembourg
78%
27,194,00010,522,2462.58Greece
77%
86,861,00064,990,5111.34France
76%
2,225,000336,7136.61Iceland
75%
10,338,0004,818,6902.15Ireland
75%
13,903,0005,757,4992.41Singapore
75%
81,786,00046,692,8581.75Spain
75%
11,743,0005,752,1262.04Denmark
74%
2,274,000439,2485.18Malta
74%
6,252,0005,337,9621.17Norway
72%
664,000286,6412.32Barbados
71%
1,390,000515,6962.70Maldives
71%
9,889,0008,525,6111.16Switzerland
70%
17,924,00017,059,5601.05Netherlands
69%
15,432,00010,256,1931.50Portugal
69%
122,00052,4412.33St. Kitts and Nevis
69%
386,000181,8892.12St. Lucia
69%
3,652,0001,170,1253.12Cyprus
68%
29,460,0008,891,3883.31Austria
67%
350,00097,0963.60Seychelles
66%
72,00071,6251.01Dominica
65%
15,593,0004,156,4053.75Croatia
64%
247,00096,2862.57Antigua and Barbuda
63%
168,000111,4541.51Grenada
59%
1,342,0001,189,2651.13Mauritius
58%
3,245,0001,322,9202.45Estonia
57%
3,586,0002,077,8371.73Slovenia
57%
1,949,0001,928,4591.01Latvia
56%
668,000543,7671.23Cape Verde
50%
11,370,0001,569,4467.24Bahrain
49%
427,000383,0711.11Belize
46%
1,877,000627,8092.99Montenegro
45%
123,00017,9076.87Palau
43%
4,643,0002,882,7401.61Albania
40%
8,883,0007,051,6081.26Bulgaria
34%
3,674,0003,449,2851.07Uruguay
24%
6,483,0004,002,9421.62Georgia
21%

Score Distribution

Percentile by Number Answered

Percent of People with Each Score

Your Score History

You have not taken this quiz since the last reset